Využitie metód viackriteriálnej analýzy pri hodnotení produktov neživotného poistenia

Hodnotenie produktov neživotného poistenia u vybraných poisťovní pôsobiacich na Slovensku využitím viacerých metód viackriteriálnej analýzy. Hodnotené je poistenie nehnuteľnosti, povinné zmluvné poistenie motorového vozidla a cestovné poistenie. Možnosti využitia viackriteriálnej analýzy pri bežných...

Description complète

Enregistré dans:
Détails bibliographiques
Auteur principal: Coroničová Hurajová, Jana, 1986-
Autres auteurs: Bango, Adrián, 1998-
Format: Chapitre de livre
Langue:slovaque
Sujets:
Tags: Ajouter un tag
Pas de tags, Soyez le premier à ajouter un tag!

MARC

LEADER 00000naa$a2200000$$$4500
001 0269184
005 20240502074220.9
041 0 |a slo 
044 |a SK 
245 1 0 |a Využitie metód viackriteriálnej analýzy pri hodnotení produktov neživotného poistenia  |c Jana Coroničová Hurajová - Adrián Bango 
520 |a Hodnotenie produktov neživotného poistenia u vybraných poisťovní pôsobiacich na Slovensku využitím viacerých metód viackriteriálnej analýzy. Hodnotené je poistenie nehnuteľnosti, povinné zmluvné poistenie motorového vozidla a cestovné poistenie. Možnosti využitia viackriteriálnej analýzy pri bežných rozhodovacích problémoch. Porovnanie vybraných produktov poisťovní a zistiť, aká poisťovňa je najvýhodnejšia pre zvolený typ poistenia. 
610 2 0 |a poistenie neživotné 
610 2 0 |a poistenie cestovné 
610 2 0 |a poisťovne 
610 2 0 |a analýzy 
610 2 0 |a metódy 
100 1 |a Coroničová Hurajová, Jana, 1986- 
700 1 |a Bango, Adrián, 1998-